000 00755nam a22002057a 4500
005 20150124124625.0
008 130618t mx||||| |||| 00| 0 spa d
050 0 4 _aRC632.L5
_bC66 2007
245 0 3 _aLa consulta de 10 minutos : dislipidemia /
_casesores Guy de Backer, Michael Kirby, Geraldine O´Gara, Mike Mead ; traducción Enrique Morales Villegas.
250 _a1a ed.
260 _aMéxico :
_bCedilla Publishing Limited,
_c2007
300 _a90 p. :
_bil. ;
_c19 cm.
650 7 _2LEMB
_aDesórdenes del metabolismo
_xLípidos
700 1 _aBacker, Guy de,
_easesor
700 1 _aKirby, Michael,
_easesor
700 1 _aO´Gara, Geraldine,
_easesor
700 1 _aMead, Mike,
_easesor
700 1 _aMorales Villegas, Enrique,
_etr.
942 _2lcc
_cLIB
999 _c38284
_d38284